| 000 | 00946nam a2200181 i 4500 | ||
|---|---|---|---|
| 001 | 168227 | ||
| 003 | ES-MaACL | ||
| 005 | 20231229063055.0 | ||
| 008 | 001103s1853 sp |||| | spa d | ||
| 100 | 1 |
_aZorrilla, José, _d1817-1893 _9118354 |
|
| 245 | 1 | 0 |
_aAl-Hamar el Nazarita, rey de Granada _b: leyenda oriental : dividida en cinco libros titulados: De los sueños, De las perlas, De los alcázares, De los espíritus y De las nieves : ilustrada con notas y seguida de la vida de Mahoma y de apuntes sobre su religión / _cpor José Zorrilla. |
| 260 |
_aMadrid : _b[s.n.], _c1853 ( _fImp. de Julian Peña) |
||
| 300 |
_aXXIII, 227 p. ; _c21 cm. |
||
| 530 | _aDisponible en formato digital. | ||
| 852 |
_aES-MaACL _jZ-198 _xOlim: G-5366 _d _z.- Legado M. de la Fuente |
||
| 856 |
_uhttp://bibliotecadigital.jcyl.es/i18n/consulta/registro.cmd?id=2289 _zBiblioteca Digital de Castilla y León |
||
| 999 |
_c168227 _d168227 |
||